[Event "HCL-C102"]
[Site "www.playchess.de"]
[Date "2001.02.28"]
[Round "29"]
[White "Robama"]
[Black "Nunogomez"]
[WhiteElo "1401"]
[BlackElo "878"]
[PlyCount "48"]
[Result "0-1"]

1.e3 e5 2.b3 d5 3.Nf3 Bg4 4.d4 e4 5.h3 Bh5 6.g4 
Bg6 7.Ng1 f5 8.Qd2 Nc6 9.Nc3 Bb4 10.a3 Bxc3 
11.Qxc3 Qh4 12.Qc5 Nf6 13.Ne2 Nxg4 14.Rg1 Qxf2+ 
15.Kd2 Qxe3+ 16.Ke1 Qf2+ 17.Kd2 e3+ 18.Kc3 Nf6 
19.Kb2 Ne4 20.Qxd5 Rd8 21.Qb5 Bh5 22.Qxb7 Bxe2 
23.Qxc6+ Kf8 24.Bxe2 Qxg1 0-1

[Event "HCL-C120"]
[Site "www.playchess.de"]
[Date "2001.02.28"]
[Round "7"]
[White "Petra"]
[Black "vulcan"]
[WhiteElo "1182"]
[BlackElo "988"]
[PlyCount "55"]
[Result "1-0"]

1.c4 e6 2.Nc3 Nf6 3.g3 d5 4.d3 dxc4 5.dxc4 Qxd1+ 
6.Nxd1 b6 7.Bg2 c6 8.Bf4 Bb4+ 9.Nc3 Bxc3+ 10.bxc3 
Ba6 11.Rd1 Bxc4 12.Bc7 Bd5 13.c4 Bxg2 14.Rd8+ Ke7 
15.Rxh8 Bxh1 16.Rxb8 Rxb8 17.Bxb8 Be4 18.Bxa7 b5 
19.Bc5+ Kd7 20.cxb5 cxb5 21.f3 Bd5 22.a3 g6 23.Bd4 
Kc6 24.Bxf6 Kc5 25.e4 Bc6 26.Ne2 Kc4 27.Kd2 Kb3 
28.Nd4+ 1-0

[Event "HCL-C120"]
[Site "www.playchess.de"]
[Date "2001.02.28"]
[Round "36"]
[White "monching"]
[Black "MarcoPolo"]
[WhiteElo "1000"]
[BlackElo "1224"]
[PlyCount "39"]
[Result "1-0"]

1.e4 Nf6 2.e5 Nd5 3.d4 e6 4.Bc4 Nb6 5.Bb3 Nd5 
6.Bxd5 exd5 7.Nf3 Bb4+ 8.c3 Ba5 9.a4 Qe7 10.O-O h6 
11.b4 Bxb4 12.cxb4 Qxb4 13.Ba3 Qb6 14.Nc3 c6 
15.Bd6 Qd8 16.Ne2 Na6 17.Ng3 g6 18.Re1 Nc7 19.Ne2 
Ne6 20.Ng3 1-0

[Event "HCL-C130"]
[Site "www.playchess.de"]
[Date "2001.02.28"]
[Round "22"]
[White "arsenic"]
[Black "dakini"]
[WhiteElo "1280"]
[BlackElo "1461"]
[PlyCount "95"]
[Result "1-0"]

1.e4 e5 2.Nf3 Nc6 3.Bc4 Bc5 4.c3 Nf6 5.b4 Bb6 6.d3 
h6 7.O-O d6 8.Nbd2 Bg4 9.a4 Nh5 10.a5 Bd4 11.cxd4 
Nxd4 12.Bb2 Bxf3 13.Nxf3 Nxf3+ 14.Qxf3 Nf4 15.g3 
Nh3+ 16.Kg2 Ng5 17.Qf5 g6 18.Qg4 Qe7 19.f4 h5 
20.Qxg5 {Are you familiar with the author James 
Redfield?}  Qxg5 {No, but I read his romans and 
philosophie with interest. Why?}  21.fxg5 { In one 
of his books, dakini is the tibetan word for an 
angel.}  Rf8 {You are "shambala"-right. I think 
his "visions of celestine" should be discussed in 
every school !}  22.h4 {i agree but in the east 
where i belong, it is part of the spirituality of 
most asians.}  Rd8 {If you want to let your E-mail 
address here ...}  23.Bxf7+ {no problem, 
sonnytg@yahoo.com or arsenius@globalpinoy.com}  
Rxf7 {many greetings from thomasbachmann@freenet.de} 
 24.Rac1 Rc8 {Hi!  how are you?}  25.Rf2 {I feel 
good, but i am a little busy right now.}  Rxf2+ 
26.Kxf2 {sorry to decline but i have a slight 
advantage.}  Kd7 27.Ke2 Rf8 28.d4 {What kind of 
work are you involved in?}  a6 {You mean my 
profession or this game here ...?  ;-))}  29.dxe5 
{the latter...}  b5 {we just make a few moves ...  
OK?}  30.exd6 cxd6 31.Bf6 Rc8 32.Rxc8 Kxc8 33.Kd3 
Kd7 34.Kd4 Ke6 35.Bg7 Kf7 36.Bh8 Ke6 37.e5 dxe5+ 
38.Bxe5 Kf5 39.Kd5 Kg4 40.Kc6 Kf5 41.Kb6 Kxe5 
42.Kxa6 Kd6 43.Kxb5 Kc7 44.a6 Kb8 {Hi! Sorry that 
I wrote nothing the last moves here but there was 
much to do otherwise ...  How are y}  45.Kc6 {What 
work are you involved in?}  Ka8 {I need a new 
concept in my praxisorganisation}  46.b5 {It sound 
very technical.}  Ka7 {less technical but more 
bureaucratism and less time for other things ... 
meditation, friends etc. .}  47.Kd6 {That is on 
eof the problems of a highly developed country.Her 
the pace is slow.}  Kb6 {I have that feeling that 
we sould stay in contact after that game here. If 
you want. Next m. resign}  48.Ke5 {send  me a mail 
on sonnytgarcia@yahoo.com}  1-0

[Event "HCL-C137"]
[Site "www.playchess.de"]
[Date "2001.02.28"]
[Round "16"]
[White "dg"]
[Black "sonnygarcia"]
[WhiteElo "1132"]
[BlackElo "1085"]
[PlyCount "88"]
[Result "1/2-1/2"]

1.e4 e6 2.Nf3 d5 3.e5 c5 4.d4 cxd4 5.Nxd4 Nc6 
6.Bb5 Bd7 7.c3 Nxe5 8.Qe2 Nc6 9.O-O Nxd4 10.Bxd7+ 
Qxd7 11.cxd4 Nf6 12.Nc3 Bb4 13.a3 Bb6 14.b4 O-O 
15.Be3 Rac8 16.h3 Ne4 17.Na2 Rxc1 18.Rac1 Qd6 
19.Rxc1 Ng3 20.f3 Bc7 21.Qd2 Ne4 22.f4 g5 23.Qd3 
gxf4 24.Rf1 Qe7 25.Bxf4 Nxc3 26.Nc3 Bxf4 27.Qxc3 
Re8 28.Rxf4 Kh8 29.Qg3+ Qf6 30.Rg4 Qg6 31.Rf4 Qb1+ 
32.Rg4 Qf5 33.Kh2 Qg6 34.Rf4 Qf6 35.Rg4 Qe7 {I 
still want to play a little more.}  36.Rf4 f5 
37.Qf3 Rg8 38.Qe3 Qg7 39.Qe5+ Rxg7 40.Qxg7+ Kg8 
41.g3 h5 42.h4 Rg4 43.Rf3 Kf7 44.Rd3 
Kg2 1/2-1/2

[Event "HCL-C148"]
[Site "www.playchess.de"]
[Date "2001.02.28"]
[Round "12"]
[White "Allesnehmer"]
[Black "surak"]
[WhiteElo "1000"]
[BlackElo "1235"]
[PlyCount "81"]
[Result "1-0"]

1.e4 e6 2.d4 d5 3.Nc3 Bb4 4.e5 c5 5.a3 Ba5 6.b4 
cxd4 7.Nb5 Bc7 8.f4 Nc6 9.Qg4 g6 10.Nf3 Nge7 
11.Nbxd4 Nxd4 12.Nxd4 Nf5 13.Nxf5 exf5 14.Qg3 O-O 
15.Bd3 f6 16.O-O fxe5 17.fxe5 Kh8 18.Bg5 Qe8 
19.Rae1 Be6 20.Qh4 Qf7 21.Kh1 Bd8 22.Bxd8 Raxd8 
23.Qd4 a6 24.a4 f4 25.c3 g5 26.Bc2 Qh5 27.Bd1 Qh4 
28.Kg1 Rde8 29.Bf3 Red8 30.Qb6 g4 31.Qxe6 gxf3 
32.Qh3 Qxh3 33.gxh3 Rfg8+ 34.Kf2 Rg2+ 35.Kxf3 Rxh2 
36.e6 Rxh3+ 37.Kxf4 Re8 38.Ke5 Rh5+ 39.Kd6 Kg7 
40.Kd7 Rg8 41.Rfg1+ 1-0

[Event "ACL-A037"]
[Site "www.playchess.de"]
[Date "2001.02.28"]
[Round "16"]
[White "Pietros"]
[Black "MarkusSSG"]
[WhiteElo "1245"]
[BlackElo "1768"]
[PlyCount "86"]
[Result "0-1"]

1.e4 c5 2.Nf3 d6 3.Bc4 Nf6 4.Ng5 e6 5.Nc3 a6 6.d4 
b5 7.Be2 b4 8.Na4 h6 9.Nf3 Bd7 10.e5 Bxa4 11.exf6 
Qxf6 12.dxc5 dxc5 13.O-O Nc6 14.Bc4 Na5 15.Qe2 
Nxc4 16.Qxc4 Bb5 17.Qb3 Bxf1 18.Kxf1 Bd6 19.Qa4+ 
Ke7 20.Rb1 Rhd8 21.h4 Kf8 22.Be3 Be7 23.a3 a5 
24.axb4 axb4 25.Qb5 Qf5 26.Qc4 Qd5 27.Qxd5 Rxd5 
28.c4 Rdd8 29.Ke2 Ke8 30.Ne1 Ra2 31.Nd3 Bxh4 
32.Bxc5 b3 33.Bb6 Rc8 34.c5 Bf6 35.f3 Bd4 36.Kd2 
Rca8 37.Bc7 f6 38.Bd6 Kd7 39.g3 Kc6 40.Ke2 h5 
41.Nb4+ Kb5 42.Nd3 g5 43.Nc1 Kc4 0-1

[Event "ACL-A048"]
[Site "www.playchess.de"]
[Date "2001.02.28"]
[Round "10"]
[White "Spiridonas"]
[Black "Robama"]
[WhiteElo "1500"]
[BlackElo "1499"]
[PlyCount "49"]
[Result "1-0"]

1.e4 e6 2.d4 b6 3.Nc3 g6 4.Nf3 Nc6 5.Bf4 Bh6 6.Qd2 
Qe7 7.Bxh6 Nxh6 8.Qxh6 Nb4 9.O-O-O a5 10.a3 Nc6 
11.Nb5 Qd8 12.Qg7 Ba6 13.Nxc7+ Qxc7 14.Qxh8+ Ke7 
15.Qxa8 Bc8 16.d5 exd5 17.exd5 Na7 18.d6+ Qxd6 
19.Rxd6 Kxd6 20.Qxa7 h5 21.Qb8+ Ke7 22.Qxc8 b5 
23.Bxb5 g5 24.Re1+ Kf6 25.Qh8+ 1-0

[Event "CCL-M001"]
[Site "www.playchess.de"]
[Date "2001.02.28"]
[Round "1"]
[White "cmarine200"]
[Black "Generalen"]
[WhiteElo "2343"]
[BlackElo "2301"]
[PlyCount "73"]
[Result "1-0"]

1.d4 Nf6 2.c4 e6 3.Nc3 d5 4.Nf3 Be7 5.Bg5 O-O 6.e3 
Nbd7 7.Rc1 c6 8.Bd3 dxc4 9.Bxc4 Nd5 10.Bxe7 Qxe7 
11.O-O Nxc3 12.Rxc3 e5 13.Qb1 exd4 14.exd4 Nb6 
15.Bb3 Qf6 16.Ne5 Be6 17.Re1 Bxb3 18.Rxb3 Qd6 
19.Nf3 Rae8 20.Re4 Qd8 21.Ree3 f6 22.Qf5 Nc4 
23.Rxe8 Rxe8 24.Qc5 Nb6 25.Ra3 Qb8 26.Kf1 Qf4 
27.Qc2 a6 28.Rb3 Qc7 29.Re3 Rd8 30.Re4 Qf7 31.a3 
Qc4+ 32.Qxc4+ Nxc4 33.Re7 Rb8 34.Re2 Kf7 35.Rc2 
Nd6 36.Ke2 Rd8 37.Kd3 1-0

[Event "HCL-C154"]
[Site "www.playchess.de"]
[Date "2001.02.28"]
[Round "13"]
[White "dg"]
[Black "Petra"]
[WhiteElo "1208"]
[BlackElo "1179"]
[PlyCount "73"]
[Result "1-0"]

1.e4 c6 2.Nc3 d5 3.d4 dxe4 4.Nxe4 Bf5 5.f3 e5 
6.dxe5 Qxd1+ 7.Kxd1 Nd7 8.Bf4 g6 9.Kd2 Bg7 10.c3 
Nxe5 11.Nd6+ Ke7 12.Nxf5+ gxf5 13.Re1 Rd8+ 14.Kc2 
Kd7 15.Rxe5 Bh6 16.Rxf5 Bxf4 17.Rxf7+ Kd6 18.Rxf4 
Re8 19.Re4 Nf6 20.Rxe8 Rxe8 21.Nh3 Re1 22.g3 Nd5 
23.Kd2 Ra1 24.a3 a5 25.Bg2 Rxh1 26.Bxh1 Kc5 27.f4 
Kc4 28.Bxd5+ cxd5 29.f5 a4 30.f6 Kb3 31.Kc1 b5 
32.f7 b4 33.cxb4 d4 34.f8Q {%}  Ka2 35.Kc2 Ka1 
36.Qf1+ Ka2 37.Qb1+ 1-0

[Event "ACL-A076"]
[Site "www.playchess.de"]
[Date "2001.02.28"]
[Round "19"]
[White "roofus"]
[Black "dakini"]
[WhiteElo "1500"]
[BlackElo "1409"]
[PlyCount "64"]
[Result "0-1"]

1.e4 e5 {Hi how are you?}  2.d4 {hi , very good , 
great to be playing ...are u in germany?}  exd4 
{yes! where do you live?}  3.Qxd4 {hi, i live in 
new jersey- usa.where in germany r u ?}  Nc6 
{right in the middle, near Kassel , documenta u 
know?}  4.Qa4 {cool,I'm totally east coast aprox. 
1 and a half hours from the shore..}  Nf6 {nice... 
we live outside the big town and do lot of 
triathlon sports outside, inlining too what about} 
 5.Bc4 Nxe4 6.Bxf7+ {my last mess. was lost 
somewhere.. so good to play ,enjoy}  Kxf7 7.Qxe4 
Bb4+ 8.c3 Re8 9.Nd2 Rxe4+ 10.Nxe4 Qe8 11.cxb4 
Qxe4+ 12.Ne2 Nd4 13.O-O Nxe2+ 14.Kh1 Qxb4 15.a3 
Qb3 16.Re1 Nd4 17.h3 Nc2 18.Bg5 Nxa1 19.Rxa1 Qxb2 
20.Re1 Qxf2 21.Re7+ Kg6 22.Be3 Qf8 23.Re5 Qxa3 
24.Kh2 d6 25.Re4 Bf5 26.Re7 Kf6 27.Rxc7 Qxe3 
28.Rxb7 Qf4+ 29.Kh1 Re8 30.Rb1 Bxb1 31.g4 Re1+ 
{Thanks for the game. Hope to play together again. 
Nice Day!}  32.Kg2 {very enjoyable , i like a good 
game ,hope to play again soon .  :o)}  
Be4+ 0-1

[Event "HCL-B151"]
[Site "www.playchess.de"]
[Date "2001.02.28"]
[Round "4"]
[White "Nils"]
[Black "pdqbach"]
[WhiteElo "1713"]
[BlackElo "1152"]
[PlyCount "47"]
[Result "1-0"]

1.e4 e5 2.Nf3 Nc6 3.Bb5 a6 4.Bxc6 dxc6 5.Nc3 Bd6 
6.d4 Bg4 7.dxe5 Bxf3 8.Qxf3 Bxe5 9.Bf4 Qe7 10.Bxe5 
Qxe5 11.O-O-O Nf6 12.Qe3 O-O 13.f4 Qe7 14.Rd3 Nd7 
15.Rhd1 Nc5 16.R3d4 Ne6 17.R4d7 Qh4 18.f5 Nd8 
19.h3 Rc8 20.e5 b6 21.R1d4 Qh6 22.Qxh6 gxh6 23.Ne4 
Kh8 24.Nf6 1-0

[Event "HCL-B151"]
[Site "www.playchess.de"]
[Date "2001.02.28"]
[Round "10"]
[White "pdqbach"]
[Black "Juice"]
[WhiteElo "1152"]
[BlackElo "1543"]
[PlyCount "42"]
[Result "0-1"]

1.e4 e5 {Hello}  2.Nf3 Nc6 3.Bb5 Nf6 4.d3 {Howdy}  
d6 5.O-O g6 6.Be3 Ng4 7.Qe2 Nxe3 8.Qxe3 Bg7 9.Nc3 
O-O 10.a3 a6 11.Ba4 b5 12.Bb3 Be6 13.Nd5 h6 
14.Rad1 Na5 15.Ba2 c6 16.Nc3 d5 17.exd5 cxd5 
18.Nd4 exd4 19.Qd2 dxc3 20.bxc3 Rc8 21.d4 
Qc7 0-1

[Event "HCL-B151"]
[Site "www.playchess.de"]
[Date "2001.02.28"]
[Round "19"]
[White "pdqbach"]
[Black "Gruhni"]
[WhiteElo "1152"]
[BlackElo "1376"]
[PlyCount "68"]
[Result "0-1"]

1.e4 e5 2.Nf3 Nc6 3.Bb5 a6 4.Ba4 b5 5.Bb3 d6 6.d3 
Bg4 7.Be3 Na5 8.Nbd2 Nxb3 9.axb3 Nf6 10.h3 Bxf3 
11.Nxf3 c5 12.O-O Be7 13.Nh2 h6 14.f4 exf4 15.Bxf4 
O-O 16.Rf3 Nh5 17.Qd2 Nxf4 18.Qxf4 Bg5 19.Qg4 Kh7 
20.Rff1 Be3+ 21.Kh1 Qg5 22.Rf5 Qxg4 23.Nxg4 Bg5 
24.c3 g6 25.Rf3 f5 26.exf5 Rxf5 27.Rxf5 gxf5 
28.Nf2 Kg6 29.g3 a5 30.Kg2 a4 31.bxa4 Rxa4 32.Rxa4 
bxa4 33.Kf3 h5 34.Nd1 Bc1 0-1

[Event "HCL-C166"]
[Site "www.playchess.de"]
[Date "2001.02.28"]
[Round "1"]
[White "tiberiuskirk"]
[Black "esad"]
[WhiteElo "1100"]
[BlackElo "1000"]
[PlyCount "36"]
[Result "0-1"]

1.e4 e5 2.Nf3 Nc6 3.Bc4 Nf6 4.Ng5 d5 5.exd5 Nxd5 
6.d4 f6 7.Qf3 Nxd4 8.Qxd5 Qxd5 9.Bxd5 Nxc2+ 10.Kd2 
Nxa1 11.Nf7 Bf5 12.Na3 c6 13.Bxc6+ Kxf7 14.Bxb7 
Rb8 15.Ba6 Bxa3 16.bxa3 Nc2 17.g4 Bg6 18.f3 
Rb1 0-1

[Event "ACL-A088"]
[Site "www.playchess.de"]
[Date "2001.02.28"]
[Round "13"]
[White "rayschutt"]
[Black "roofus"]
[WhiteElo "1500"]
[BlackElo "1500"]
[PlyCount "35"]
[Result "1-0"]

1.d4 d5 2.Nf3 Nf6 3.c4 Nc6 4.Nc3 dxc4 5.d5 Nb4 
6.Qa4+ Qd7 7.Qxb4 Nxd5 8.Qxc4 e6 9.Bd2 b6 10.e4 
Nb4 11.Ne5 Qd6 12.Nb5 Qxe5 13.Nxc7+ Kd8 14.Nxa8 
Bd6 15.Bxb4 Qxb2 16.Rd1 Kf8 17.Rxd6 g6 
18.Rd8+ 1-0

[Event "HCL-B169"]
[Site "www.playchess.de"]
[Date "2001.02.28"]
[Round "2"]
[White "Yogibear"]
[Black "adamant"]
[WhiteElo "1890"]
[BlackElo "885"]
[PlyCount "67"]
[Result "1-0"]

1.c4 {hello, have a nice game}  c5 2.g3 Nc6 3.Nf3 
g6 4.Bg2 Bg7 5.Nc3 e6 6.a3 d5 7.b4 cxb4 8.axb4 
Nxb4 9.Ba3 Nc6 10.Nb5 Bxa1 11.Qxa1 f6 12.Nd6+ Kd7 
13.cxd5 exd5 14.Nf7 Qe8 15.Bh3+ f5 16.Nxh8 b6 
17.Qg7+ Nge7 18.Ne5+ Nxe5 19.Qxe5 Kd8 20.Qf6 Qd7 
21.Nf7+ Ke8 22.Ng5 Kd8 23.Bd6 Ba6 24.Bg2 Bc4 
25.Nf7+ Ke8 26.Bb4 d4 27.Nd6+ Kd8 28.Qf8+ Kc7 
29.Qxa8 Qa4 30.Nb5+ Bxb5 31.Qb7+ Kd8 32.Qxe7+ Kc8 
33.Bb7+ Kb8 34.Bd6+ 1-0

[Event "HCL-A073"]
[Site "www.playchess.de"]
[Date "2001.02.28"]
[Round "30"]
[White "peze"]
[Black "Roussos"]
[WhiteElo "1966"]
[BlackElo "1700"]
[PlyCount "33"]
[Result "1-0"]

1.e4 {Hello! Good luck!}  d5 {you too!}  2.d4 dxe4 
3.Nc3 c6 4.Nxe4 Bf5 5.Ng3 Bg6 6.h4 h6 7.Nf3 Nd7 
8.h5 Bh7 9.Bd3 Bxd3 10.Qxd3 Qc7 11.Rh4 Ngf6 12.Bf4 
Qb6 13.O-O-O e6 14.Ne5 Nxe5 15.dxe5 Nd5 16.c4 Nxf4 
17.Qd7+ 1-0

[Event "HCL-C177"]
[Site "www.playchess.de"]
[Date "2001.02.28"]
[Round "7"]
[White "craigsadler"]
[Black "livingmike"]
[WhiteElo "354"]
[BlackElo "1000"]
[PlyCount "41"]
[Result "1-0"]

1.e4 Nc6 {hello}  2.d4 Nf6 3.e5 Nd5 4.Nf3 e6 5.Bb5 
a6 6.Bxc6 dxc6 7.O-O Nb4 8.a3 Nd5 9.c4 Nb6 10.Nbd2 
c5 11.b3 cxd4 12.Ne4 h6 13.Bb2 d3 14.Qd2 f5 
15.exf6 gxf6 16.Bxf6 Be7 17.Bxh8 a5 18.Qxh6 Nd7 
19.Qh5+ Kf8 20.Neg5 Qe8 21.Qh6+ 1-0

[Event "HCL-B174"]
[Site "www.playchess.de"]
[Date "2001.02.28"]
[Round "7"]
[White "Gruhni"]
[Black "mladsir"]
[WhiteElo "1350"]
[BlackElo "821"]
[PlyCount "86"]
[Result "1/2-1/2"]

1.e4 c5 2.Nf3 {Hello from Frankfurt in Germany!}  
Nc6 3.c3 d6 4.Bb5 a6 {Hello from Umag, Croatia!}  
5.Bxc6+ bxc6 6.d4 cxd4 7.cxd4 e6 8.O-O Nf6 9.Nc3 
d5 10.Bg5 Be7 11.e5 Nd7 12.Bxe7 Qxe7 13.Rc1 c5 
14.Na4 c4 15.b3 cxb3 16.axb3 O-O 17.Rc7 a5 18.Qb1 
Qb4 19.Nc5 Nxc5 20.Rxc5 Rb8 21.Qa1 Qxb3 22.Rxa5 
Bd7 23.Ra7 Bb5 24.Rb1 Qd3 25.Ra3 Qc4 26.Rc3 Qa4 
27.Qxa4 Bxa4 28.Ra1 Rb4 29.Rac1 Rfb8 30.R3c8+ Be8 
31.g3 f6 32.exf6 gxf6 33.Kg2 Rxc8 34.Rxc8 Kf7 
35.Rc7+ Kg6 36.Nh4+ Kh6 37.Re7 Bg6 38.Rxe6 Kg7 
39.Rd6 Rxd4 40.Nxg6 Kxg6 41.Kf3 Kf5 42.Ke3 Rd1 
43.Ke2 Rd4 1/2-1/2

[Event "HCL-A075"]
[Site "www.playchess.de"]
[Date "2001.02.28"]
[Round "29"]
[White "paule"]
[Black "Sd_68"]
[WhiteElo "1955"]
[BlackElo "1748"]
[PlyCount "31"]
[Result "1-0"]

1.e4 d6 2.d4 Nf6 3.Nc3 g6 4.Bg5 Bg7 5.Qd2 O-O 6.f3 
e5 7.dxe5 dxe5 8.Qxd8 Rxd8 9.Nd5 Rd6 10.Nxc7 Nc6 
11.Nxa8 Nd4 12.O-O-O Rc6 13.Kb1 Rxc2 14.Rxd4 Rxb2+ 
15.Kxb2 exd4 16.Nc7 1-0

[Event "HCL-C186"]
[Site "www.playchess.de"]
[Date "2001.02.28"]
[Round "5"]
[White "rookievanni"]
[Black "kvdc007"]
[WhiteElo "1000"]
[BlackElo "1000"]
[PlyCount "30"]
[Result "1/2-1/2"]

1.Nf3 {hello}  Nc6 {hi}  2.e3 d5 3.Nd4 {catch you 
tomorrow!}  Nxd4 {strange move, i had to think 
about what i was gonna do, take it or use my 
queen}  4.exd4 Nf6 5.Qf3 {glad you went for the 
first option, it was more what I had in mind!}  
Bg4 6.Qf4 Qd6 7.Qxd6 {decided on the exchange - 
sorry!}  exd6 8.Bb5+ c6 9.Be2 Bxe2 10.Kxe2 O-O-O 
11.Re1 Re8+ 12.Kf1 Re4 13.Rxe4 dxe4 14.Nc3 d5 
15.a4 a5 1/2-1/2

[Event "HCL-E024"]
[Site "www.playchess.de"]
[Date "2001.02.28"]
[Round "13"]
[White "peze2"]
[Black "NOHAU"]
[WhiteElo "2294"]
[BlackElo "2270"]
[PlyCount "57"]
[Result "1-0"]

1.e4 e5 2.Nf3 Nf6 3.Nxe5 d6 4.Nf3 Nxe4 5.d4 d5 
6.Bd3 Bd6 7.O-O O-O 8.c4 c6 9.cxd5 cxd5 10.Nc3 
Nxc3 11.bxc3 Nc6 12.Rb1 Re8 13.Ng5 h6 14.Qh5 Re7 
15.Bd2 Qf8 16.Nh3 Be6 17.Nf4 Bxf4 18.Bxf4 Qc8 
19.Rfe1 Qd7 20.h3 f6 21.Qg6 {Sorry; aber diese 
Partie kann ich event. gewinnen. Die andere ist 
wohl remis. Gruß Peter}  Kf8 22.Bxh6 gxh6 23.Qxf6+ 
Kg8 24.Qg6+ Kf8 25.Qxh6+ Kf7 26.Bg6+ Kg8 27.Re3 
Rg7 28.Rg3 Qc7 29.Bh7+ 1-0

[Event "ACL-A096"]
[Site "www.playchess.de"]
[Date "2001.02.28"]
[Round "19"]
[White "Stef"]
[Black "MP"]
[WhiteElo "1500"]
[BlackElo "1500"]
[PlyCount "52"]
[Result "0-1"]

1.d4 {hello}  d5 2.Nc3 Nf6 3.e4 dxe4 {Hello}  
4.Nh3 e6 5.Bb5+ Bd7 6.Nf4 Bxb5 7.Nxb5 a6 8.Na3 
Bxa3 9.bxa3 Nd5 10.Nxd5 exd5 11.O-O O-O 12.Qg4 Nc6 
13.Rb1 Nxd4 14.Rxb7 Nxc2 15.Qf4 Rc8 16.a4 Nd4 
17.Bb2 Ne6 18.Qe5 Nc5 19.Ra7 f6 20.Qc3 Nxa4 
21.Rxa6 Nxc3 22.Bxc3 Qd7 23.Rb1 Rca8 24.Rxa8 Rxa8 
25.Ra1 Qc6 26.a4 Qxc3 0-1

[Event "HCL-C190"]
[Site "www.playchess.de"]
[Date "2001.02.28"]
[Round "9"]
[White "Pietros"]
[Black "nikolayk"]
[WhiteElo "1295"]
[BlackElo "1000"]
[PlyCount "77"]
[Result "1-0"]

1.e4 e5 {benxin}  2.Bc4 Nf6 3.Nf3 Nc6 4.d3 Be7 
5.Nc3 O-O 6.O-O b6 7.Nd5 Nxd5 8.exd5 Nb4 9.Nxe5 
Bb7 10.Bb5 Bxd5 11.Nxd7 Re8 12.Ne5 Rf8 13.c4 Qd6 
14.Bf4 Bb7 15.a3 Qd4 16.Bg3 c6 17.Ba4 b5 18.axb4 
bxa4 19.Qxa4 c5 20.Qd7 Qxd7 21.Nxd7 Rfd8 22.Nxc5 
Bc8 23.Bc7 Rd4 24.Rfe1 Bxc5 25.bxc5 Be6 26.Ra3 h6 
27.Be5 Rdd8 28.b4 Bf5 29.d4 Rde8 30.Ree3 Rad8 
31.c6 f6 32.Bg3 Kf7 33.d5 Be6 34.c7 Rd7 35.c8Q {%} 
 Rxc8 36.dxe6+ Kg6 37.exd7 Rxc4 38.Kf1 Rd4 
39.Red3 1-0

[Event "ACL-A097"]
[Site "www.playchess.de"]
[Date "2001.02.28"]
[Round "20"]
[White "wael"]
[Black "Vampyr"]
[WhiteElo "1500"]
[BlackElo "1100"]
[PlyCount "45"]
[Result "1-0"]

1.e4 {hi}  c5 {hi}  2.Nf3 {what u do in life}  Nc6 
{student}  3.d4 cxd4 4.Nxd4 Nf6 {u?}  5.Nc3 {i own 
a factory}  e5 {of what?}  6.Nf5 {menral water}  
d5 7.exd5 Bxf5 8.dxc6 bxc6 9.Qf3 Qd7 10.Bg5 Nd5 
11.O-O-O Be6 12.Bc4 {so sorry}  f6 13.Bxd5 cxd5 
14.Nxd5 Bxd5 15.Rxd5 Qc8 16.Bxf6 gxf6 17.Qxf6 Rg8 
18.Rxe5+ Kd7 19.Rd1+ Kc7 {Why are you sorry?}  
20.Qf7+ Kb6 {How old are u?}  21.Re6+ {25}  Kb5 
22.Rd5+ Bc5 {i think it is draw!}  23.Ree5 {i dont 
thenk so}  1-0

[Event "HCL-B180"]
[Site "www.playchess.de"]
[Date "2001.02.28"]
[Round "9"]
[White "Jefersonmello"]
[Black "janus"]
[WhiteElo "1500"]
[BlackElo "1738"]
[PlyCount "48"]
[Result "0-1"]

1.e4 {Hello from Rio de Janeiro}  Nc6 {I hope, we 
have a good fight ! Greetings from Rüdiger}  2.d4 
{good Luck}  d5 {Thanks - and for you too !!}  
3.e5 Bf5 4.Bb5 Qd7 5.Nf3 a6 6.Bxc6 Qxc6 7.c3 Bxb1 
8.Rxb1 Qg6 9.Bf4 Qxg2 10.Rg1 Qh3 11.Rg3 Qd7 12.Kd2 
g6 13.Qe2 Qf5 14.Qe3 Qxb1 15.e6 Qxb2+ 16.Ke1 f6 
17.Ne5 Qb1+ 18.Ke2 fxe5 19.Bxe5 Bh6 20.Qf3 Nf6 
21.Bxf6 O-O 22.Qh5 Rxf6 23.Qxh6 Qc2+ 24.Qd2 
Rxf2+ 0-1

[Event "HCL-B186"]
[Site "www.playchess.de"]
[Date "2001.02.28"]
[Round "4"]
[White "Stephen21"]
[Black "Bauernopfer"]
[WhiteElo "1197"]
[BlackElo "1307"]
[PlyCount "64"]
[Result "0-1"]

1.Nf3 Nc6 2.Nc3 e5 3.e4 Bc5 4.Nb5 a6 5.Nc3 d6 6.d3 
Nf6 7.Bg5 h6 8.Bxf6 Qxf6 9.Nd5 Qd8 10.a3 Ne7 11.b4 
Nxd5 12.exd5 Bb6 13.d4 exd4 14.a4 O-O 15.Qd3 Qe7+ 
16.Be2 Bg4 17.O-O Rae8 18.Rae1 Bxf3 19.Qxf3 Qe5 
20.Bd3 Qxe1 {I´m not sure what the right move is 
here.}  21.Rxe1 Rxe1+ {.}  22.Bf1 Rfe8 23.g3 Rc1 
24.a5 Ba7 25.Qd3 Ree1 26.Qf5 Rexf1+ 27.Kg2 g5 
28.Qc8+ Kg7 29.Qxc7 g4 30.h4 Rfg1+ {matt in 3}  
31.Kh2 {^_^ I know.. you played well}  Rgh1+ {:-)} 
 32.Kg2 Rcg1+ 0-1

[Event "CCL-E012"]
[Site "www.playchess.de"]
[Date "2001.02.28"]
[Round "9"]
[White "dvdc007"]
[Black "Phalanx"]
[WhiteElo "2000"]
[BlackElo "1757"]
[PlyCount "37"]
[Result "1-0"]

1.c4 {hi}  e5 2.g3 Nf6 3.Bg2 c6 4.d4 exd4 5.Qxd4 
d5 6.cxd5 cxd5 7.Nf3 {hi}  Nc6 {hi}  8.Qa4 Qb6 
9.O-O Bc5 10.Qf4 O-O 11.Nc3 Be7 12.e3 Be6 13.Ng5 
Rac8 14.Nxe6 fxe6 15.Bh3 Nb4 16.a3 Nc2 17.Ra2 Ne4 
18.Qg4 Ng5 19.Bg2 1-0

[Event "HCL-B185"]
[Site "www.playchess.de"]
[Date "2001.02.28"]
[Round "6"]
[White "O_Man"]
[Black "SAROS"]
[WhiteElo "1096"]
[BlackElo "1354"]
[PlyCount "76"]
[Result "1/2-1/2"]

1.e4 e5 2.Nf3 Qe7 3.b3 Nf6 4.Nc3 d6 5.Ba3 c5 6.Bc4 
Be6 7.Nd5 Bxd5 8.Bxd5 Nxd5 9.exd5 Qf6 10.c4 Be7 
11.O-O O-O 12.d3 Bd8 13.g3 a6 14.Qe2 Nd7 15.Bc1 
Qe7 16.Nh4 b5 17.Nf5 Qf6 18.Qg4 Ra7 19.Bh6 g6 
20.Bxf8 Nxf8 21.Nh6+ Kh8 22.f4 Qg7 23.Qh3 f6 
24.fxe5 fxe5 25.Rf3 e4 26.Rff1 exd3 27.Kg2 Bg5 
28.Ng4 Rf7 29.Rxf7 Qxf7 30.Rf1 Qg7 31.Nf2 d2 
32.Ne4 Qe7 33.Nxg5 Qe2+ 34.Kg1 d1Q {%}  35.Rxd1 
Qxd1+ 36.Qf1 Qd4+ 37.Kh1 Nd7 38.Nf7+ 
Kg7 1/2-1/2

[Event "HCL-E029"]
[Site "www.playchess.de"]
[Date "2001.02.28"]
[Round "6"]
[White "Qaurial"]
[Black "Ivanchico"]
[WhiteElo "2000"]
[BlackElo "2000"]
[PlyCount "26"]
[Result "0-1"]

1.e4 c5 {Hi!}  2.Nf3 e6 3.d4 cxd4 4.Nxd4 Nf6 5.Nc3 
d6 6.Be2 a6 7.O-O Be7 8.f4 O-O 9.Qe1 Qc7 10.g4 d5 
11.g5 Nxe4 12.Nxe4 dxe4 13.Be3 
e5 0-1

[Event "HCL-C188"]
[Site "www.playchess.de"]
[Date "2001.02.28"]
[Round "14"]
[White "craigsadler"]
[Black "nikolayk"]
[WhiteElo "549"]
[BlackElo "1401"]
[PlyCount "43"]
[Result "1-0"]

1.e4 e5 2.Nf3 Nc6 3.Bc4 Nf6 4.Ng5 Qe7 5.Nxf7 Rg8 
6.Ng5 d5 7.exd5 Nb4 8.d6 Qxd6 9.Bxg8 Qc6 10.Bf7+ 
Kd8 11.Nc3 Bf5 12.d3 Qxg2 13.Rf1 Bc5 14.Be3 Bxe3 
15.fxe3 Nxc2+ 16.Qxc2 Qxc2 17.Rxf5 Qxb2 18.Rd1 
Qxc3+ 19.Kf1 Ng4 20.Ke2 Qc2+ 21.Rd2 Qc5 
22.Ne6+ 1-0

[Event "HCL-B195"]
[Site "www.playchess.de"]
[Date "2001.02.28"]
[Round "2"]
[White "Terry_Bohannon"]
[Black "Raphael"]
[WhiteElo "1500"]
[BlackElo "1200"]
[PlyCount "44"]
[Result "0-1"]

1.e4 {Hello}  e5 2.Nf3 d6 3.Nc3 Nf6 4.Be2 Be7 5.d4 
exd4 6.Nxd4 O-O 7.O-O c6 8.Bg5 Nfd7 9.Bxe7 Qxe7 
10.Nf5 Qf6 11.Nxd6 Ne5 12.Nxc8 Rxc8 13.f4 Ng6 
14.Qd7 Nxd7 15.e5 Qe7 16.g3 Qc5+ 17.Kh1 Ndf8 
18.Rad1 Rcd8 19.a3 Rxd1 20.Rxd1 a5 21.Rd2 Ne7 
22.Na4 Qe3 0-1